000 00462nam a2200157Ia 4500
008 130318s9999 xx 000 0 und d
020 _a815515375
082 _a536.73 SCH/S
100 _aSchmitz, John E.J
245 _aThe second law of life: Energy, technology, and the future of earth as we know it
260 _bWilliam Andrew Publishing
_aNewYork
_c2007
300 _a208
650 _aENTROPY
650 _aENVIRONMENT PROBLEMS
650 _aTHERMODYNAMICS
999 _c2511
_d2511